Statistics for Most Polluted Countries

Click here to take the quiz!

General Stats

  • This quiz has been taken 48 times
  • The average score is 6 of 10

Answer Stats

HintAnswer% Correct
60.6India
96%
83.3Bangladesh
80%
115.7Pakistan
80%
86Afghanistan
67%
73Egypt
65%
50Nepal
59%
64UAE
54%
92.4Qatar
48%
56.1Bahrain
46%
61.8Mongolia
39%

Score Distribution

Percentile by Number Answered

Percent of People with Each Score

Your Score History

You have not taken this quiz